|
|
|
|
| LEADER |
00825nab a2200229 i 4500 |
| 001 |
acta12313 |
| 005 |
20220609135621.0 |
| 008 |
161015s1981 hu o 0|| eng d |
| 022 |
|
|
|a 0324-721X
|
| 040 |
|
|
|a SZTE Egyetemi Kiadványok Repozitórium
|b hun
|
| 041 |
|
|
|a eng
|
| 100 |
1 |
|
|a Legendi Tamás
|
| 245 |
1 |
2 |
|a A 5 state solution of the early bird problem in a one dimensional cellular space
|h [elektronikus dokumentum] /
|c Legendi Tamás
|
| 260 |
|
|
|c 1981
|
| 300 |
|
|
|a 173-179
|
| 490 |
0 |
|
|a Acta cybernetica
|v 5 No. 2
|
| 650 |
|
4 |
|a Természettudományok
|
| 650 |
|
4 |
|a Matematika
|
| 650 |
|
4 |
|a Számítás- és információtudomány
|
| 695 |
|
|
|a Számítástechnika, Kibernetika, Matematika
|
| 700 |
0 |
1 |
|a Katona Endre
|e aut
|
| 856 |
4 |
0 |
|u http://acta.bibl.u-szeged.hu/12313/1/cybernetica_005_fasc_002_173-179.pdf
|z Dokumentum-elérés
|